Razas del mundo: (Registro nro. 13092)

Detalles MARC
000 -LIDER
fixed length control field 00523nam a22001577a 4500
003 - IDENTIFICACDOR DE NÚMERO DE CONTROL
control field DO-SdBNP
005 - DATE AND TIME OF LATEST TRANSACTION
control field 20171124130405.0
008 - ELEMENTOS DE LONGITUD FIJA
fixed length control field 171124b 1984spu||||| |||| 00| 0 spa d
040 ## - FUENTE DE CATALOGACIÓN
Agencia que crea de manera original el registro BPMSU
Idioma de catalogación spa
Agencia que realiza la transcripción BPMSU
245 ## - MENCIÓN DE TITULO
Título Razas del mundo:
Subtítulo pueblos y culturas /
Mención de responsabilidad coordinación Aurelio Martins, Sebastián Puigserver
260 ## - PUBLICACIÓN, DISTRIBUCIÓN, ETC. (PIE DE IMPRENTA)
Lugar de publicación, distribución, etc Barcelona:
Nombre del editor, distribuidor, etc. Oceano,
Fecha de publicación, distribución, etc [1984?]
300 ## - DESCRIPCIÓN FÍSICA
Extensión 455p. :
Otros detalles físicos il., fotografías, gráficos, mapas;
Dimensiones 30 cm.
700 ## - ASIENTO SECUNDARIO -- NOMBRE PERSONAL
Nombre personal Puigserver, Sebastián
942 ## - ADDED ENTRY ELEMENTS (KOHA)
Source of classification or shelving scheme Dewey Decimal Classification
Koha item type Libros
945 ## - INFORMACIÓN DE PROCESAMIENTO LOCAL
Información de procesamiento local Inventariado, 2017/MFF
Existencias
Withdrawn status Lost status Source of classification or shelving scheme Damaged status Not for loan Collection code Home library Current library Date acquired Total Checkouts Barcode Date last seen Price effective from Koha item type
    Dewey Decimal Classification     Colección General Biblioteca Pública Metropolitana Salomé Ureña Biblioteca Pública Metropolitana Salomé Ureña 11/24/2017   BPMSU17110425 11/24/2017 11/24/2017 Libros